Célèbres accords et traités - Statistiques

Statistiques générales
  • Ce quiz a été pris 179 fois
  • Le résultat moyen est 6 sur 20
Statistiques - réponses
Hint Réponse % Correct
Traité qui mit fin à la Première Guerre Mondiale Versailles
88%
Traité qui officialise la création de l'Union Européenne Maastricht
79%
Accords clôturant la guerre d'Algérie en 1962 Evian
63%
Traité qui officialise la création de la Communauté Européenne Rome
62%
Accords créant l'espace de libre-circulation européen Schengen
62%
Accords mettant officiellement fin à la guerre du Viêt-Nam Paris
54%
Accords de 1938 selon lesquels l'Allemagne Nazie a le pouvoir sur les Sudètes Munich
40%
Traité qui découpe la France entre les petits-fils de Charlemagne en 843 Verdun
29%
Traité officialisant la réunification allemande Moscou
25%
Accords restaurant les relations entre Egypte et Israël en 1979 Camp David
24%
Traité ayant mis un terme à la guerre de Trente Ans Westphalie
22%
Traité définissant en 1494 le partage de l'Amérique entre l'Espagne et le Portugal Tordesillas
21%
Traité établissant le démantèlement de l'Empire Ottoman Sèvres
19%
Accords qui recrée le système économique à la fin de la Seconde Guerre Mondiale Bretton-Woods
18%
Traité voyant le retrait des troupes russes de la Première Guerre Mondiale Brest-Litovsk
15%
Traité mettant fin à l'existence de l'Autriche-Hongrie Saint-Germain-en-Laye
9%
Armistice de la Guerre de Sécession en 1865 Appomattox
3%
Traité établissant en 1920 les frontières italo-yougoslaves Rapallo
3%
Armistice mettant fin à la guerre de Corée en 1953 Panmunjeom
2%
Traité luso-espagnol qui fixe en 1297 les frontières des deux pays Alcañices
1%
Aucun quiz correspondant
Distribution des résultats
% des personnes avec chaque résultat
Percentile par nombre de réponses
Votre historique - résultats
Vous n’avez pas pris ce quiz